| 000 | 00861nam a2200253 a 4500 | ||
|---|---|---|---|
| 001 | 606014 | ||
| 003 | OSt | ||
| 005 | 20210203104715.0 | ||
| 008 | 910709s1991 sp 000 0 spa | ||
| 020 | _a8434410994 | ||
| 040 |
_aDLC _cCO-JMCR |
||
| 041 | 0 | _aspa | |
| 082 | 0 | 4 |
_a170 / _bS266e _223 |
| 100 | 1 |
_aSavater, Fernando. _eautor _99817 |
|
| 245 | 1 | 0 |
_aEtica para Amador / _cFernando Savater. |
| 260 |
_aBarcelona : _bAriel, _c1991. |
||
| 300 |
_a189 páginas ; _c20 cm. |
||
| 490 | 0 |
_aAriel ; _v101 |
|
| 505 | 0 | _aDe que va la ética -- Órdenes, costumbres y caprichos -- Haz lo que quieras -- Date la buena vida -- ¡Despierta, baby! -- Aparece pepito grillo -- Ponte en su lugar -- Tanto gusto -- Elecciones generales | |
| 650 | 2 | 4 |
_aÉtica _912985 |
| 650 | 2 | 4 |
_aMoralidad _xética _912986 |
| 650 | 2 | 4 |
_aAmor propio _xética _912987 |
| 942 |
_2ddc _cBK |
||
| 999 |
_c7093 _d7093 |
||